500 (practically) Fat-free One-pot Recipes : (Record no. 603019)

MARC details
000 -LEADER
fixed length control field 00468nam a2200181 a 4500
008 - FIXED-LENGTH DATA ELEMENTS--GENERAL INFORMATION
fixed length control field 251217s1998##################000#0#eng##
020 ## - INTERNATIONAL STANDARD BOOK NUMBER
ISBN 9780812992588
082 04 - DEWEY DECIMAL CLASSIFICATION NUMBER
Classification number 641.5638
Item number SCH
100 1# - MAIN ENTRY--AUTHOR NAME
Personal name Schlesinger, Sarah,
245 10 - TITLE STATEMENT
Title 500 (practically) Fat-free One-pot Recipes :
260 ## - PUBLICATION, DISTRIBUTION, ETC. (IMPRINT)
Name of publisher Villard,
Year of publication 1998.
650 #0 - SUBJECT ADDED ENTRY--TOPICAL TERM
Topical Term Casserole cooking.
942 ## - ADDED ENTRY ELEMENTS (KOHA)
Koha item type English Books
Holdings
Withdrawn status Lost status Damaged status Not for loan Home library Current library Shelving location Date acquired Full call number Accession Number Price effective from Koha item type
        Anna Centenary Library Anna Centenary Library 6TH FLOOR, A WING 17.12.2025 641.5638 SCH 419433 17.12.2025 English Books

Find us on the map